De la libertad de la pasión a la pasión de la libertad (Record no. 91973)

MARC details
000 -LEADER
campo de control de longitud fija 00808nam a2200241 i 4500
001 - NÚMERO DE CONTROL
campo de control 91973
003 - IDENTIFICADOR DE NÚMERO DE CONTROL
campo de control ES-MaACL
005 - FECHA Y HORA DE LA ÚLTIMA TRANSACCIÓN
campo de control 20250707034700.0
007 - CAMPO FIJO DE DESCRIPCIÓN FÍSICA--INFORMACIÓN GENERAL
campo de control de longitud fija t|
008 - DATOS DE LONGITUD FIJA--INFORMACIÓN GENERAL
campo de control de longitud fija 050311s1988 sp ||||1| spa d
020 ## - NÚMERO INTERNACIONAL ESTÁNDAR DEL LIBRO
Número Internacional Estándar del Libro 84-86648-03-3
080 ## - NÚMERO DE LA CLASIFICACIÓN DECIMAL UNIVERSAL
Número de la Clasificación Decimal Universal 1 Hume, David
080 ## - NÚMERO DE LA CLASIFICACIÓN DECIMAL UNIVERSAL
Número de la Clasificación Decimal Universal 1 Kant, Inmanuel
100 1# - ENTRADA PRINCIPAL--NOMBRE DE PERSONA
Nombre de persona Duque, Félix.
9 (RLIN) 46147
245 10 - MENCIÓN DEL TÍTULO
Título De la libertad de la pasión a la pasión de la libertad
Resto del título : (ensayos sobre Hume y Kant) /
Mención de responsabilidad, etc. Félix Duque.
260 ## - PUBLICACIÓN, DISTRIBUCIÓN, ETC.
Lugar de publicación, distribución, etc. Valencia :
Nombre del editor, distribuidor, etc. Natan,
Fecha de publicación, distribución, etc. [1988]
300 ## - DESCRIPCIÓN FÍSICA
Extensión 114 p. ;
Dimensiones 21 cm.
504 ## - NOTA DE BIBLIOGRAFÍA, ETC.
Nota de bibliografía, etc. Bibliografía: p. 111-114.
600 14 - PUNTO DE ACCESO ADICIONAL DE MATERIA--NOMBRE DE PERSONA
Nombre de persona Hume, David,
Fechas asociadas al nombre 1711-1776-
Subdivisión general Crítica e interpretación
9 (RLIN) 64720
600 14 - PUNTO DE ACCESO ADICIONAL DE MATERIA--NOMBRE DE PERSONA
Nombre de persona Kant, Immanuel,
Fechas asociadas al nombre 1724-1804-
Subdivisión general Crítica e interpretación
9 (RLIN) 67497
852 ## - LOCALIZACIÓN
Ubicación ES-MaACL
Número de control de estantería E-10811
Sublocalización o colección R.135620
Holdings
Estatus retirado Estado de pérdida Estado de daño No para préstamo Biblioteca de origen Biblioteca actual Ubicación en estantería Fecha de adquisición Fuente de adquisición Total de préstamos Signatura topográfica completa Código de barras Visto por última vez Precio de reemplazo Tipo de ítem Koha
        Biblioteca del Ateneo de Madrid Biblioteca del Ateneo de Madrid Depósito 2 17/01/2008     E-10811 1096032 23/02/2023 23/02/2023 Libro impreso